000 01233nam a2200241Ia 4500
003 Ost
005 20260507075123.0
008 260507s9999||||xx |||||||||||||| ||und||
020 _a9957380443
040 _cfsecg
041 _aara
082 _a330
100 _aمعروف، هوشيار
_eمؤلف
245 0 _aتحليل الإقتصاد الدولي /
_c هوشيار معروف
260 _aعمان:
_bدار جرير,
_c2006
300 _a407 صفحة؛
_bإيضاحات ؛
_c25 سم
520 _aأساسيات الإقتصاد الدولي-تحليل التطور التاريخي للإقتصاد الدولي-تحليل وقائع حديثة في الإقتصاد الدولي-الإتفاقيات العامة للتعريفات والتجارة ومنظمة التجارة العالمية-ميزان المدفوعات الدولية-أسواق الصرف الأجنبي-ميزان المدفوعات الدولية وأسواق الصرف الأجنبي-السياسات الإقتصادية الدولية
653 _aأسواق الصرف
653 _aالإقتصاد الدولي
653 _aالتجارة العالمية
653 _aالمدفوعات الدولية
942 _cكتاب
999 _c43114
_d43114